|
|
|
|
| LEADER |
00950nam a22002657a 4500 |
| 001 |
41740 |
| 003 |
BD-DhAAL |
| 005 |
20230924125046.0 |
| 008 |
230924t2022 bg ||||| |||| 00| 1 eng d |
| 020 |
|
|
|a 9847012403709
|
| 040 |
|
|
|a BD-DhAAL
|d BD-DhAAL
|
| 082 |
|
|
|a 891.44371
|2 23
|
| 100 |
|
|
|a Roy, Kashinath.
|9 25421
|
| 245 |
|
|
|a The memsaheb’s foot /
|c Kashinath Roy, Translated by Shawkat Hussain.
|
| 260 |
|
|
|a Dhaka :
|b Shahitya Prakash,
|c 2022.
|
| 300 |
|
|
|a 103 pages ;
|c 21 cm.
|
| 526 |
|
|
|a ENH
|
| 541 |
|
|
|a Development Book Agency
|e 41740
|
| 650 |
|
|
|a Bengali fiction.
|
| 650 |
|
|
|a Bengali literature.
|
| 700 |
|
|
|a Hussain, Shawkat.
|9 32840
|
| 852 |
|
|
|a Ayesha Abed Library
|c General Stacks
|
| 942 |
|
|
|2 ddc
|c BK
|
| 999 |
|
|
|c 46131
|d 46131
|
| 952 |
|
|
|0 0
|1 0
|2 ddc
|4 0
|6 891_443710000000000_ROY
|7 0
|9 74330
|a BRACUL
|b BRACUL
|c GEN
|d 2023-09-05
|e Development Book Agency
|g 300.00
|l 1
|m 1
|o 891.44371 ROY
|p 3010041740
|r 2024-03-24
|s 2024-03-14
|t 1
|v 300.00
|w 2023-09-05
|y BK
|